| 000 | 00791cam a22002414a 4500 | ||
|---|---|---|---|
| 999 |
_c10611 _d10611 |
||
| 003 | OSt | ||
| 005 | 20220408185045.0 | ||
| 008 | 100401s2011 njua b 001 0 eng | ||
| 020 | _a9780470480939 | ||
| 040 |
_aDLC _cDLC _dDLC |
||
| 082 | 0 | 0 |
_a712 _222 |
| 100 | 1 | _aCook, Thomas W. | |
| 245 | 1 | 0 |
_aSustainable landscape management : _bputting principles into practice / _cThomas Cook, Ann Marie VanDerZanden. |
| 260 |
_aHoboken, N.J. : _bWiley, _cc2011. |
||
| 300 |
_axiv, 232 p. : _bill. ; _c24 cm. |
||
| 504 | _aIncludes bibliographical references (p. 215-222) and index. | ||
| 650 | 0 | _aLandscape protection. | |
| 650 | 0 | _aGrounds maintenance. | |
| 650 | 0 | _aSustainable development. | |
| 650 | 0 | _aSustainable horticulture. | |
| 700 | 1 |
_aVanDerZanden, Ann Marie, _d1966- |
|
| 942 | _2ddc | ||